000 00258nam a22000977a 4500
999 _c529885
_d529885
082 _a692.5
_bDAG
100 _aDagostino, Frank R.
245 _aEstimating in Building Construction /
942 _2ddc
_cBK